<?xml version="1.0" encoding="UTF-8"?><?xml-stylesheet type="text/xsl" href="static/style.xsl"?><OAI-PMH xmlns="http://www.openarchives.org/OAI/2.0/" xmlns:xsi="http://www.w3.org/2001/XMLSchema-instance" xsi:schemaLocation="http://www.openarchives.org/OAI/2.0/ http://www.openarchives.org/OAI/2.0/OAI-PMH.xsd"><responseDate>2026-06-02T21:33:32Z</responseDate><request verb="GetRecord" identifier="oai:riuma.uma.es:10630/6330" metadataPrefix="marc">https://riuma.uma.es/rest/oai/request</request><GetRecord><record><header><identifier>oai:riuma.uma.es:10630/6330</identifier><datestamp>2026-02-03T12:15:39Z</datestamp><setSpec>com_10630_2254</setSpec><setSpec>col_10630_37959</setSpec></header><metadata><record xmlns="http://www.loc.gov/MARC21/slim" xmlns:dcterms="http://purl.org/dc/terms/" xmlns:doc="http://www.lyncode.com/xoai" xmlns:xsi="http://www.w3.org/2001/XMLSchema-instance" xsi:schemaLocation="http://www.loc.gov/MARC21/slim http://www.loc.gov/standards/marcxml/schema/MARC21slim.xsd">
   <leader>00925njm 22002777a 4500</leader>
   <datafield ind2=" " ind1=" " tag="042">
      <subfield code="a">dc</subfield>
   </datafield>
   <datafield ind2=" " ind1=" " tag="720">
      <subfield code="a">Molina-Huete, María Belén</subfield>
      <subfield code="e">author</subfield>
   </datafield>
   <datafield ind2=" " ind1=" " tag="260">
      <subfield code="c">2013-11-05</subfield>
   </datafield>
   <datafield ind2=" " ind1=" " tag="520">
      <subfield code="a">La adscripción de la figura de sor Gregoria Francisca de Santa Teresa (1653-1736, O.C.D.) a una generación «preneoclásica», consciente de cierto viraje hacia modelos clásicos en su praxis lírica (R. P. Sebold, 1993), resulta controvertida desde un punto de vista metodológico si se desea establecer su preciso alcance en el ámbito de la literatura española. &#xd;
Proponemos aquí arrancar del contexto creativo de las composiciones y no de un a priori globalizador, lo que exige, como marco de trabajo, una más que necesaria reivindicación de la tradición mística y poética carmelitana en que se inserta la obra de esta religiosa. &#xd;
Se presentan, pues, en este Congreso el inicio de varias líneas de relectura a partir del estudio de la recepción crítica y textual de la autora, así como algunas conclusiones preliminares de corte estilístico acerca del mérito de la poesía de sor Gregoria Francisca de Santa Teresa, especialmente calificada como obra de singular significación en el período de entre siglos que sirve de pórtico a la entendida Modernidad dieciochesca.</subfield>
   </datafield>
   <datafield ind1="8" ind2=" " tag="024">
      <subfield code="a">http://hdl.handle.net/10630/6330</subfield>
   </datafield>
   <datafield tag="653" ind2=" " ind1=" ">
      <subfield code="a">Gregoria Francisca de Santa Teresa - Crítica e interpretación</subfield>
   </datafield>
   <datafield ind2="0" ind1="0" tag="245">
      <subfield code="a">Preneoclasicismo y Mística: la poesía de sor Gregoria Francisca de Santa Teresa</subfield>
   </datafield>
</record>
</metadata></record></GetRecord></OAI-PMH>